Las preguntas de la embarazada / (Registro nro. 2603)
[ vista simple ]
| 000 -LEADER | |
|---|---|
| fixed length control field | 01115nam a2200325 a 4500 |
| 005 - FECHA ULTIMA MODIFICACION | |
| control field | 20240515102732.0 |
| 008 - CAMPO DE CONTROL (LIBRO) | |
| fixed length control field | 100708s2017||||ag f |||| 001 0 spa d |
| 020 ## - INTERNATIONAL STANDARD BOOK NUMBER | |
| ISBN | 9789871639748 |
| 041 ## - CODIGO DE IDIOMA | |
| Código de idioma del texto/pista de sonido o título separado | spa |
| 092 ## - SIGNATURA TOPOGRAFICA DEWEY LOCAL | |
| número de clasificación | 618.2 |
| libristica | 47 |
| sección | LAS |
| 245 #4 - TITULO PROPIAMENTE DICHO | |
| Título | Las preguntas de la embarazada / |
| Mención de responsabilidad y remanente de la transcripción de la portada | Gustavo Izbizky |
| 250 ## - MENCION DE EDICION | |
| Mención de edición | 2a ed. |
| 260 ## - PIE DE IMPRENTA | |
| Lugar de publicación, distribución, etc | Buenos Aires: |
| Nombre de la editorial, distribuidor, etc | delhospital ediciones; |
| Fecha de publicación | 2017. |
| 300 ## - DESCRIPCION FISICA | |
| Extension | 272 p. |
| Dimensiones | 22x16 cm. |
| 500 ## - NOTA GENERAL | |
| Nota general | Izbizky, G. et al. (2017). Las preguntas de la embarazada. (2a ed.). Buenos Aires : delhospital ediciones. |
| 653 ## - TÉRMINO INDIZADO - PALABRAS CLAVES | |
| Palabra clave | Antes del embarazo |
| 653 ## - TÉRMINO INDIZADO - PALABRAS CLAVES | |
| Palabra clave | Inicio del embarazo |
| 653 ## - TÉRMINO INDIZADO - PALABRAS CLAVES | |
| Palabra clave | Control prenatal durante el embarazo |
| 653 ## - TÉRMINO INDIZADO - PALABRAS CLAVES | |
| Palabra clave | Costumbres y hábitos durante el embarazo |
| 653 ## - TÉRMINO INDIZADO - PALABRAS CLAVES | |
| Palabra clave | Cambios físicos durante el embarazo |
| 653 ## - TÉRMINO INDIZADO - PALABRAS CLAVES | |
| Palabra clave | Complicaciones durante el embarazo |
| 653 ## - TÉRMINO INDIZADO - PALABRAS CLAVES | |
| Palabra clave | Preparación para el parto y nacimiento del bebé |
| 653 ## - TÉRMINO INDIZADO - PALABRAS CLAVES | |
| Palabra clave | Puerperio |
| 653 ## - TÉRMINO INDIZADO - PALABRAS CLAVES | |
| Palabra clave | Lactancia |
| 700 1# - ENTRADAS SECUNDARIAS - NOMBRE PERSONAL | |
| Nombre personal | Izbizky, Gustavo |
| 9 (RLIN) | 3430 |
| 700 1# - ENTRADAS SECUNDARIAS - NOMBRE PERSONAL | |
| Nombre personal | Lage, María Fernanda |
| 9 (RLIN) | 3431 |
| 700 1# - ENTRADAS SECUNDARIAS - NOMBRE PERSONAL | |
| Nombre personal | Mercanzini, Laura |
| 9 (RLIN) | 3432 |
| 700 1# - ENTRADAS SECUNDARIAS - NOMBRE PERSONAL | |
| Nombre personal | Sebastiani, Mario |
| 9 (RLIN) | 3433 |
| 942 ## - ADDED ENTRY ELEMENTS (KOHA) | |
| Source of classification or shelving scheme | Dewey Decimal Classification |
| Item type | Libros |
| Estado de retiro | Existencia | Fuente de clasificación | Estado general | No para prestamo | Colección | Ubicación permanente | ubicación actual | Sala de ubicación | Fecha de adquisición | Fuente de adquisición | Total Checkouts | Número de clasificación | Código de barras | Date last seen | Date last borrowed | Número de ejemplar | Price effective from | Koha tipo de elemento (item) | Public note |
|---|---|---|---|---|---|---|---|---|---|---|---|---|---|---|---|---|---|---|---|
| Dewey Decimal Classification | Reference | Biblioteca Medicina | Biblioteca Medicina | Referencia | 15/12/2017 | Donación DelHospital Ediciones Hospital Italiano, Diciembre 2017 | 1 | 618.2 47 LAS | 4083 | 06/06/2018 | 04/06/2018 | Ej. 1 | 15/12/2017 | Reference | Donación DelHospital Ediciones Hospital Italiano, Diciembre 2017 | ||||
| Dewey Decimal Classification | Biblioteca Medicina | Biblioteca Medicina | Circulación | 15/12/2017 | Donación DelHospital Ediciones Hospital Italiano, Diciembre 2017 | 1 | 618.2 47 LAS | 4084 | 06/06/2018 | 05/06/2018 | Ej. 2 | 15/12/2017 | Libros | Donación DelHospital Ediciones Hospital Italiano, Diciembre 2017 | |||||
| Dewey Decimal Classification | Biblioteca Medicina | Biblioteca Medicina | Circulación | 15/12/2017 | Donación DelHospital Ediciones Hospital Italiano, Diciembre 2017 | 1 | 618.2 47 LAS | 4085 | 24/05/2024 | 24/05/2024 | Ej. 3 | 15/12/2017 | Libros | Donación DelHospital Ediciones Hospital Italiano, Diciembre 2017 |